Find the TV Weirdos Quiz Stats

 Plays Quiz Updated Apr 13, 2019

Score 0/16 Timer 04:00
3 Plays Today
% Correct
Mr. Bean
Bean
97.6%
Sheldon Cooper
The Big Bang Theory
96.8%
Phoebe Buffay
Friends
95.1%
Michael Scott
The Office
91%
Cosmo Kramer
Seinfeld
90%
Steve Urkel
Family Matters
89.3%
Abed Nadir
Community
88.7%
Kimmy Gibbler
Full House
88.3%
% Correct
Samuel ‘Screech’ Powers
Saved by the Bell
87.2%
The Doctor
Doctor Who
86.2%
April Ludgate
Parks & Recreation
84.3%
Jess Day
New Girl
84.2%
Kenneth Parcell
30 Rock
80.5%
Tobias Fünke
Arrested Development
75.5%
Charlie Kelly
It’s Always Sunny
in Philadelphia
73.8%
Morgan Tookers
The Mindy Project
65.5%

You're not logged in!

Compare scores with friends on all Sporcle quizzes.
OR
Log In

Sporcle TV

Today on Sporcle TV


Watch our educational content, quiz creation guides, and fun videos on Sporcle TV.

Show Comments

Extras

Top Quizzes Today


Score Distribution

Your Account Isn't Verified!

In order to create a playlist on Sporcle, you need to verify the email address you used during registration. Go to your Sporcle Settings to finish the process.

Report this User

Report this user for behavior that violates our Community Guidelines.

Details: